Sports Quiz

Random Sports or Football Quiz
Score 0/79 Timer 12:00
1 Play Today
Trophies Team % Correct
26 (13 Europeans Cups/Champions Leagues, 2 UEFA Cups, 3 Intercontinental Cups, 4 FIFA Club World Cups, 4 UEFA Supercups)Real Madrid
99.6%
17 (5 European Cups/Champions Leagues, 4 Cup Winners Cups, 3 FIFA Club World Cups, 5 UEFA Supercups)Barcelona
99.2%
18 (7 European Cups/Champions Leagues, 2 Cup Winners Cups, 3 Intercontinental Cups, 1 FIFA Club World Cup, 5 UEFA Supercups)AC Milan
99%
11 (2 European Cups/Champions Leagues, 1 Cup Winners Cup, 3 UEFA Cups, 2 Intercontinental Cups, 2 UEFA Supercups, 1 Intertoto Cup)Juventus
98.5%
14 (6 European Cups/Champions Leagues, 3 UEFA Cups, 4 UEFA Supercups, 1 FIFA Club World Cup)Liverpool
98.3%
9 (3 European Cups/Champions Leagues, 3 UEFA Cups, 2 Intercontinental Cups, 1 FIFA Club World Cup)Inter Milan
98.3%
8 (3 European Cups/Champions League, 1 Cup Winners Cup, 1 Europa League, 1 Intercontinental Cup, 1 FIFA Club World Cup, 1 UEFA Supercup)Manchester United
98.2%
13 (6 European Cups/Champions Leagues, 1 Cup Winners Cup, 1 UEFA Cup, 2 Intercontinental Cups, 1 FIFA Club World Cup, 2 UEFA Supercups)Bayern Munich
98%
10 (4 European Cups/Champions Leagues, 1 Cup Winners Cup, 1 UEFA Cup, 2 Intercontinental Cups, 2 UEFA Supercups)Ajax
97.7%
7 (2 European Cups/Champions League, 2 UEFA Cups/Europa Leagues, 2 Intercontinental Cups, 1 UEFA Supercup)Porto
97.1%
6 (1 Champions League, 2 Cup Winners Cups, 2 Europa Leagues, 1 UEFA Supercup)Chelsea
96.6%
3 (1 Champions League, 1 Cup Winners Cup, 1 Intercontinental Cup)Borussia Dortmund
93.3%
7 (6 UEFA Cups/Europa Leagues, 1 UEFA Supercup)Sevilla
93.2%
8 (1 Cup Winners Cup, 3 Europa Leagues, 1 Intercontinental Cup, 3 UEFA Supercups)Atlético Madrid
93.1%
5 (1 Cup Winners Cup, 1 UEFA Cup, 2 UEFA Supercups, 1 Intertoto Cup)Valencia
90.8%
2 (1 European Cup, 1 UEFA Cup)PSV Eindhoven
90.6%
2 (2 European Cups)Benfica
90.5%
1 (1 European Cup)Celtic
86.9%
5 (2 Cup Winners Cup, 1 UEFA Cup, 2 UEFA Supercups)Anderlecht
86.7%
4 (1 European Cup, 2 UEFA Cups, 1 Intercontinental Cup)Feyenoord
86.3%
2 (1 Champions League, 1 Intertoto Cup)Olympique de Marseille
85.5%
2 (1 Cup Winners Cup, 1 Intertoto Cup)Paris Saint-Germain
84.5%
1 (1 Cup Winners Cup)Rangers
83.9%
1 (1 Cup Winners Cup)Arsenal
82.8%
2 (1 Cup Winners Cup, 1 UEFA Supercup)Lazio
81.2%
3 (2 European Cups, 1 UEFA Supercup)Nottingham Forest
79%
3 (1 Cup Winners Cup, 2 UEFA Cups)Tottenham Hotspur
78.6%
2 (1 European Cup, 1 Intercontinental Cup)Red Star Belgrade
78.6%
3 (1 European Cup, 1 UEFA Supercup, 1 Intertoto Cup)Aston Villa
77.5%
4 (1 European Cup, 1 Cup Winners Cup, 2 Intertoto Cups)Hamburger SV
75.2%
3 (1 UEFA Cup, 2 Intertoto Cups)Schalke 04
74.2%
1 (1 UEFA Cup)Napoli
73%
4 (1 Cup Winners Cup, 2 UEFA Cups, 1 UEFA Supercup)Parma
71.1%
3 (2 Cup Winners Cups, 1 UEFA Supercup)Dynamo Kyiv
70.5%
2 (1 UEFA Cup, 1 UEFA Supercup)Galatasaray
68.8%
1 (1 Intertoto Cup)Olympique Lyonnais
68.5%
1 (1 Cup Winners Cup)Sporting Clube de Portugal
67.7%
2 (1 European Cup, 1 UEFA Supercup)Steaua București
67.5%
2 (1 UEFA Cup, 1 UEFA Supercup)Zenit Saint Petersburg
67.4%
2 (1 Cup Winners Cup, 1 UEFA Supercup)Aberdeen
65.5%
Trophies Team % Correct
1 (1 UEFA Cup)CSKA Moscow
65.3%
1 (1 Cup Winners Cup)Manchester City
61.5%
1 (1 Cup Winners Cup)Everton
60%
1 (1 Cup Winners Cup)Fiorentina
60%
1 (1 UEFA Cup)Shakhtar Donetsk
58.5%
2 (2 UEFA Cups)Borussia Mönchengladbach
58%
2 (1 Cup Winners Cup, 1 Intertoto Cup)Werder Bremen
54.5%
1 (1 Cup Winners Cup)Sampdoria
51.2%
1 (1 Intertoto Cup)Lille
48.1%
1 (1 Intertoto Cup)Girondins de Bordeaux
47.1%
1 (1 Intertoto Cup)Newcastle United
46%
2 (2 Intertoto Cups)VfB Stuttgart
45.2%
2 (2 UEFA Cups)IFK Göteborg
43.5%
2 (1 Cup Winners Cup, 1 Intertoto Cup)West Ham United
42.3%
1 (1 UEFA Cup)Bayer 04 Leverkusen
40.5%
1 (1 Intertoto Cup)SC Braga
38.6%
2 (2 Intertoto Cups)Villarreal
34.3%
1 (1 UEFA Cup)Ipswich Town
33%
1 (1 Intertoto Cup)Lens
30.8%
1 (1 UEFA Cup)Eintracht Frankfurt
29.3%
1 (1 Intertoto Cup)Auxerre
29.3%
1 (1 Intertoto Cup)Udinese
29.1%
1 (1 Cup Winners Cup)Dinamo Tbilisi
28%
1 (1 Intertoto Cup)Fulham
27.4%
1 (1 Intertoto Cup)Montpellier
26.6%
1 (1 Cup Winners Cup)Real Zaragoza
26%
1 (1 Intertoto Cup)Bologna
25.5%
1 (1 Cup Winners Cup)ŠK Slovan Bratislava
24.6%
2 (1 Cup Winners Cup, 1 UEFA Supercup)KV Mechelen
23.4%
1 (1 Intertoto Cup)Málaga
23.3%
1 (1 Intertoto Cup)Celta Vigo
23%
1 (1 Intertoto Cup)Strasbourg
20.2%
1 (1 Intertoto Cup)Bastia
12.3%
1 (1 Intertoto Cup)EA Guingamp
12.1%
1 (1 Cup Winners Cup)1. FC Magdeburg
11.6%
1 (1 Intertoto Cup)Perugia
7.8%
1 (1 Intertoto Cup)Troyes
7.4%
1 (1 Intertoto Cup)Silkeborg IF
4.1%
1 (1 Intertoto Cup)Karlsruher SC
3.8%
Remove Ads.
Support Sporcle.
Get the best of Sporcle when you Go Orange. This ad-free experience offers more features, more stats, and more fun while also helping to support Sporcle. Thank you for becoming a member.

You're not logged in!

Compare scores with friends on all Sporcle quizzes.
OR
Log In

Show Comments

Extras

Top Quizzes Today


Score Distribution

Your Account Isn't Verified!

In order to create a playlist on Sporcle, you need to verify the email address you used during registration. Go to your Sporcle Settings to finish the process.

Report this User

Report this user for behavior that violates our Community Guidelines.

Details: